Proceedings PLP.

Bibliographic Details
Corporate Authors: Product Liability Prevention Conference, New Jersey Institute of Technology, American Society for Quality Control. North Jersey Section
Format: Conference Proceeding
Language:English
Published: Newark : New Jersey Institute of Technology [etc.]
Subjects:
Online Availability: Check for online availability

MARC

Tag First Indicator Second Indicator Subfields
LEADER 00000cas a2200000 4500
001 in00000045744
005 20151007075238.0
008 780814c19709999njuar1 1uuua0eng
010 |a  78641548  
012 |a 2  |e n 
022 0 |a 0162-2919 
035 |a (OCoLC)04138584 
035 |9 AAF2887AM 
037 |b 323 High Street, 07102 
037 |c $15.00 
040 |a DLC  |c DLC  |d NSD  |d DLC  |d TXA  |d UtOrBLW 
042 |a lc  |a nsdp 
043 |a n-us--- 
049 |a TXAE 
050 0 0 |a TS175  |b .P76a 
082 0 |a 658.5/6 
111 2 |a Product Liability Prevention Conference. 
222 0 |a Proceedings PLP. Product Liability Prevention Conference 
245 1 0 |a Proceedings PLP. 
246 3 |a Proceedings, product liability prevention. Product Liability Prevention Conference 
264 1 |a Newark :  |b New Jersey Institute of Technology [etc.] 
300 |a volumes :  |b illustrations ;  |c 28 cm. 
336 |a text  |b txt  |2 rdacontent 
337 |a unmediated  |b n  |2 rdamedia 
338 |a volume  |b nc  |2 rdacarrier 
362 0 |a 1st- 1970- 
550 |a Conferences for 1970- sponsored by the North Jersey Section, American Society for Quality Control and others; <1975-77> by New Jersey Institute of Technology. 
555 |a Indexes cumulative from 1970 included annually in vols. for <1975-77> 
650 0 |a Product safety  |x Congresses. 
650 0 |a Products liability  |z United States  |x Congresses. 
710 2 |a New Jersey Institute of Technology. 
710 2 |a American Society for Quality Control.  |b North Jersey Section. 
999 |a MARS 
999 f f |s a7bad4c4-87a1-3b28-8040-7b9e62403f91  |i 4d68754f-fe0d-373b-9244-7d2fc3257bc1  |t 0 
952 f f |p ric  |a Texas A&M University  |b Rellis Campus  |c Joint Library Facility  |d Remote Storage  |t 0  |e TS175 .P76a  |h Library of Congress classification  |i unmediated -- volume  |k 1979  |m A14809488317 
952 f f |p ric  |a Texas A&M University  |b Rellis Campus  |c Joint Library Facility  |d Remote Storage  |t 0  |e TS175 .P76a  |h Library of Congress classification  |i unmediated -- volume  |k 1978  |m A14809488367 
952 f f |p ric  |a Texas A&M University  |b Rellis Campus  |c Joint Library Facility  |d Remote Storage  |t 0  |e TS175 .P76a  |h Library of Congress classification  |i unmediated -- volume  |k 1980  |m A14809482688 
952 f f |p ric  |a Texas A&M University  |b Rellis Campus  |c Joint Library Facility  |d Remote Storage  |t 0  |e TS175 .P76a  |h Library of Congress classification  |i unmediated -- volume  |k 1971  |m A14810774145 
952 f f |p ric  |a Texas A&M University  |b Rellis Campus  |c Joint Library Facility  |d Remote Storage  |t 0  |e TS175 .P76a  |h Library of Congress classification  |i unmediated -- volume  |k 1970  |m A14810774048 
952 f f |p ric  |a Texas A&M University  |b Rellis Campus  |c Joint Library Facility  |d Remote Storage  |t 0  |e TS175 .P76a  |h Library of Congress classification  |i unmediated -- volume  |k 1972  |m A14810773995 
998 f f |a TS175 .P76a  |s 1978-1980  |t 0  |l Remote Storage